الدر المنثور في التفسير المأثور ;; Durr al-manthūr fī al-tafsīr al-maʼthūr./ (Record no. 77802)
[ view plain ]
| 000 -LEADER | |
|---|---|
| fixed length control field | 01110nam a2200229 a 4500 |
| 001 - CONTROL NUMBER | |
| control field | 77802 |
| 003 - CONTROL NUMBER IDENTIFIER | |
| rucl marc code | BD-RjUL |
| 005 - DATE AND TIME OF LATEST TRANSACTION | |
| control field | 20211209083028.0 |
| 008 - FIXED-LENGTH DATA ELEMENTS--GENERAL INFORMATION | |
| fixed length control field | 210118s2007 mu ||||| |||| 00| 0 ara d |
| 035 ## - SYSTEM CONTROL NUMBER | |
| System control number | (BD-RjUL)78028 |
| 040 ## - CATALOGING SOURCE | |
| Original cataloging agency | BD-RjUL |
| Language of cataloging | eng |
| Transcribing agency | BD-RjUL |
| 041 ## - LANGUAGE CODE | |
| Language code of text/sound track or separate title | eng |
| 082 ## - DEWEY DECIMAL CLASSIFICATION NUMBER | |
| Edition number | 23 |
| Classification number | 297.1226 |
| Author mark and year | SUD 2007 |
| 100 ## - MAIN ENTRY--PERSONAL NAME | |
| Personal name | السيوطي ، جلال الدين أبو الفضل عبد الرحمن بن أبي بكر بن ;; Suyūṭī, jalal ad Din Abul Fazal abdur Rahman bin Abu Bakr |
| 9 (RLIN) | 243673 |
| 245 ## - TITLE STATEMENT | |
| Title | الدر المنثور في التفسير المأثور ;; Durr al-manthūr fī al-tafsīr al-maʼthūr./ |
| Statement of responsibility, etc. | jalal ad Din Abdur Rahman bin Abi Baker ;; الجلال السيوطي، عبد الرحمن بن أبي بكر |
| 260 ## - PUBLICATION, DISTRIBUTION, ETC. (IMPRINT) | |
| Place of publication, distribution, etc. | Qahera : |
| Name of publisher, distributor, etc. | مكتبة الدحاب, |
| Date of publication, distribution, etc. | 2007 |
| 300 ## - PHYSICAL DESCRIPTION | |
| Pagination | V. ; |
| Size | 26 cm |
| 505 ## - FORMATTED CONTENTS NOTE | |
| Formatted contents note | Vol. 1.al fatiha-al baqara.--V.2. al imran-al maida.--V.3. Al an'am-l Hud.--V.4.Al yousuf-al Haz.--Al Mumenun-Al Jasia.--V.5.Al Ahqaf-Al Annas |
| 650 ## - SUBJECT ADDED ENTRY--TOPICAL TERM | |
| Topical term or geographic name as entry element | Al-Quran |
| Form subdivision | Interpretation and Criticism |
| 9 (RLIN) | 243674 |
| 700 ## - ADDED ENTRY--PERSONAL NAME | |
| Personal name | suyuti, jalaluddin |
| 942 ## - ADDED ENTRY ELEMENTS (KOHA) | |
| Source of classification or shelving scheme | Dewey Decimal Classification |
| Koha item type | Books |
| Lost status | Source of classification or shelving scheme | Damaged status | Not for loan | Collection code | Permanent Location | Current Location | Shelving location | Date acquired | Source of acquisition | Cost, normal purchase price | Total Checkouts | Full call number | Date last seen | Copy number | Koha item type |
|---|---|---|---|---|---|---|---|---|---|---|---|---|---|---|---|
| Dewey Decimal Classification | Not For Loan | Non-fiction | Central Library, University of Rajshahi | Central Library, University of Rajshahi | Reading Room | 21/08/2008 | Maktabatul arabia | 633.33 | A 297.1226 SUD V-1 2007 | 18/01/2021 | C-1 | Books | |||
| Dewey Decimal Classification | Not For Loan | Non-fiction | Central Library, University of Rajshahi | Central Library, University of Rajshahi | Reading Room | 21/08/2008 | Maktabatul arabia | 633.33 | A 297.1226 SUD V-2 2007 | 18/01/2021 | C-1 | Books | |||
| Dewey Decimal Classification | Not For Loan | Non-fiction | Central Library, University of Rajshahi | Central Library, University of Rajshahi | Reading Room | 21/08/2008 | Maktabatul arabia | 633.33 | A 297.1226 SUD V-3 2007 | 18/01/2021 | C-1 | Books | |||
| Dewey Decimal Classification | Not For Loan | Non-fiction | Central Library, University of Rajshahi | Central Library, University of Rajshahi | Reading Room | 21/08/2008 | Maktabatul arabia | 633.33 | A 297.1226 SUD V-4 2007 | 18/01/2021 | C-1 | Books | |||
| Dewey Decimal Classification | Not For Loan | Non-fiction | Central Library, University of Rajshahi | Central Library, University of Rajshahi | Reading Room | 21/08/2008 | Maktabatul arabia | 633.33 | A 297.1226 SUD V-5 2007 | 18/01/2021 | C-1 | Books | |||
| Dewey Decimal Classification | Not For Loan | Non-fiction | Central Library, University of Rajshahi | Central Library, University of Rajshahi | Reading Room | 21/08/2008 | Maktabatul arabia | 633.33 | A 297.1226 SUD V-6 2007 | 18/01/2021 | C-1 | Books |